Проектное управление в сфере информационных технологий

Dades bibliogràfiques
Autor principal: Грекул В. И. Владимир Иванович
Altres autors: Коровкина Н. Л. Нина Леонидовна, Куприянов Ю. В. Юрий Викторович
Sumari:Методики управления проектами являются в значительной степени универсальными. Однако область реализации проекта оказывает существенное влияние на его управление. Особенно это характерно для такой специфической области, как информационные технологии и системы. Разнообразными и специфичными оказываются модели жизненного цикла и иерархические структуры ИТ-проектов, состав проектных команд, источники рисков и приемы их минимизации и пр. В настоящей книге рассмотрены особенности применения стандартов и методик проектного управления для реализации ИТ-решений. Представленные процедуры управления созданием информационных технологий не ограничиваются рекомендациями какого-то одного стандарта управления проектами, а базируются на разнообразных современных апробированных методиках.
Idioma:rus
Publicat: Москва, БИНОМ. Лаборатория знаний, 2013
Col·lecció:Проекты, программы, портфели
Matèries:
Format: MixedMaterials Llibre
KOHA link:https://koha.lib.tpu.ru/cgi-bin/koha/opac-detail.pl?biblionumber=231240

MARC

LEADER 00000nam0a2200000 4500
001 231240
005 20231101231051.0
010 |a 9785996311217 
035 |a (RuTPU)RU\TPU\book\252256 
090 |a 231240 
100 |a 20130130d2013 km y0rusy50 ca 
101 0 |a rus 
102 |a RU 
105 |a a z 001zy 
200 1 |a Проектное управление в сфере информационных технологий  |f В. И. Грекул, Н. Л. Коровкина, Ю. В. Куприянов 
210 |a Москва  |c БИНОМ. Лаборатория знаний  |d 2013 
215 |a 336 с.  |c ил. 
225 1 |a Проекты, программы, портфели 
320 |a Библиогр.: с. 333-336. 
330 |a Методики управления проектами являются в значительной степени универсальными. Однако область реализации проекта оказывает существенное влияние на его управление. Особенно это характерно для такой специфической области, как информационные технологии и системы. Разнообразными и специфичными оказываются модели жизненного цикла и иерархические структуры ИТ-проектов, состав проектных команд, источники рисков и приемы их минимизации и пр. В настоящей книге рассмотрены особенности применения стандартов и методик проектного управления для реализации ИТ-решений. Представленные процедуры управления созданием информационных технологий не ограничиваются рекомендациями какого-то одного стандарта управления проектами, а базируются на разнообразных современных апробированных методиках. 
606 1 |a Проектный менеджмент  |2 stltpush  |3 (RuTPU)RU\TPU\subj\69898  |9 84559 
606 1 |a Информационные системы в экономике  |2 stltpush  |3 (RuTPU)RU\TPU\subj\36208  |9 57669 
610 1 |a проекты 
610 1 |a управление 
610 1 |a информационные технологии 
610 1 |a информационные проекты 
610 1 |a ИТ-проекты 
610 1 |a методология 
610 1 |a бизнес-цели 
610 1 |a границы 
610 1 |a устав 
610 1 |a разработка 
610 1 |a планирование 
610 1 |a проектные документы 
610 1 |a примеры 
686 |a У9(2)212  |v LBC/SL-A  |2 rubbk 
686 |a У9(2)39  |v LBC/SL-A  |2 rubbk 
700 1 |a Грекул  |b В. И.  |g Владимир Иванович 
701 1 |a Коровкина  |b Н. Л.  |g Нина Леонидовна 
701 1 |a Куприянов  |b Ю. В.  |g Юрий Викторович 
801 1 |a RU  |b 63413507  |c 20130130 
801 2 |a RU  |b 63413507  |c 20150514  |g RCR 
942 |c BK 
959 |a 13/20130130  |d 2  |f ЧЗТЛ:1  |f АНЛ:1